Derecho canónico posconciliar: suplemento al código de derecho canónico bilingüe de la biblioteca de autores cristianos
Uloženo v:
| Hlavní autoři: | , , |
|---|---|
| Médium: | Kniha |
| Jazyk: | španělština |
| Vydáno: |
Madrid
Biblioteca de Autores Cristianos
1967
|
| Edice: | Biblioteca de Autores Cristianos
|
| Témata: | |
| Tagy: |
Přidat tag
Žádné tagy, Buďte první, kdo vytvoří štítek k tomuto záznamu!
|
MARC
| LEADER | 00000nam a2200000 a 4500 | ||
|---|---|---|---|
| 001 | UCL3284 | ||
| 003 | CL-VaPUC | ||
| 008 | 031121e19670000SP |||||||||||||||||spa|d | ||
| 082 | 0 | 4 | |a 262.9 |b MIG |2 21 |
| 100 | |a Miguélez Domínguez, Lorenzo |e autor |9 494321 | ||
| 700 | 0 | |a Alonso Morán, Sabino |e author |9 480601 | |
| 700 | 0 | |a Cabreros de Anta, Marcelino |e author |9 480602 | |
| 245 | 1 | 0 | |a Derecho canónico posconciliar: suplemento al código de derecho canónico bilingüe de la biblioteca de autores cristianos |
| 300 | |a 216 p | ||
| 942 | |c BK | ||
| 945 | |d 20031121 00:00:00 |a vberengu | ||
| 260 | |a Madrid |b Biblioteca de Autores Cristianos |c 1967 | ||
| 650 | 7 | |a DERECHO CANONICO |2 CL-VaPUC |9 480603 | |
| 583 | |a last modification |c 20031121 00:00:00 |k Rodrigo Vera | ||
| 490 | 0 | |a Biblioteca de Autores Cristianos | |
| 999 | |c 306396 |d 306394 | ||
| 952 | |0 0 |1 0 |4 0 |6 262_900000000000000_MIG_1967 |7 0 |8 A |9 371366 |a BIBTEO |b BIBTEO |d 2019-11-21 |i 2095548 |o 262.9 MIG 1967 |p 2095548 |r 2025-01-17 |w 2019-11-21 |y BK |k ICR | ||
| 952 | |0 0 |1 0 |4 0 |6 262_900000000000000_MIG_1967 |7 0 |8 A |9 371367 |a BIBDER |b BIBDER |d 2019-11-21 |i 4240863 |o 262.9 MIG 1967 |p 4240863 |r 2023-01-25 |w 2019-11-21 |y BK |k DER | ||